000 01071nam a2200313 a 4500
001 000013714
003 DO-SdBNP
005 20260602085425.0
007 ta
008 091127s1978 dr 001 0 spa d
040 _aDO-SdBNP
_bspa
_cBNPHU
_erda
041 _hspa
082 _a398.961
_bC957c
_222
100 1 _aCruz Brache, José Antonio
_eautor
_931156
245 1 0 _a5600 refranes y frases de uso común entre los dominicanos. /
_cJosé Antonio Cruz Brache.
246 1 0 _aCinco mil seiscientos refranes y frases de uso común entre los dominicanos
264 _aSanto Domingo :
_bGalaxia,
_c1978.
300 _a304 páginas ;
_c23 cm.
336 _ardacontent
_btexto
_2txt
337 _ardamedia
_bsin mediación
_2n
338 _ardacarrier
_bvolumen
_2nc
500 _aBibliografía : páginas 309-311
590 _aInventariado, 2025/DG
650 4 _aProverbios y refranes dominicanos
_918876
650 0 _aFolclore
_zRepública Dominicana
_933448
651 4 _aRepública Dominicana
_xVida social y costumbres
_9405
910 _aDG
942 _2ddc
_cLBS1
999 _c13327
_d13327